Southville International School and Colleges
Your cart is empty.
  • Cart
  • Lists
    Public lists Eva Luna New books Lux_list list_1
    Your lists Log in to create your own lists
  • Log in to your account
  • Your cookies
  • Search history
Southville International School and Colleges
  • Advanced search
  • Recent comments
  • Most popular
  • Libraries

Log in to your account

Log in with GOOGLE


If you do not have an external account, but do have a local account, you can still log in:

  1. Home
  2. MARC view: Harry potter and the deathly hallows
Normal view MARC view ISBD view

Harry potter and the deathly hallows (Record no. 11371)

[ view plain ]
MARC details
000 -LEADER
fixed length control field 01872cam a2200433 a 4500
001 - CONTROL NUMBER
control field 14779728
003 - CONTROL NUMBER IDENTIFIER
control field PILC
005 - DATE AND TIME OF LATEST TRANSACTION
control field 20160119101329.0
008 - FIXED-LENGTH DATA ELEMENTS--GENERAL INFORMATION
fixed length control field 070322s2007 nyua j 000 1 eng
010 ## - LIBRARY OF CONGRESS CONTROL NUMBER
LC control number 2007925449
020 ## - INTERNATIONAL STANDARD BOOK NUMBER
International Standard Book Number 9780545010221
020 ## - INTERNATIONAL STANDARD BOOK NUMBER
International Standard Book Number 0545010225
040 ## - CATALOGING SOURCE
Original cataloging agency DLC
Transcribing agency DLC
Modifying agency DLC
042 ## - AUTHENTICATION CODE
Authentication code lcac
050 00 - LIBRARY OF CONGRESS CALL NUMBER
Classification number PZ 7
Item number .R79835 2007
082 00 - DEWEY DECIMAL CLASSIFICATION NUMBER
Classification number FIC
Item number R79hp 2006
100 1# - MAIN ENTRY--PERSONAL NAME
Personal name Rowling, J. K.
9 (RLIN) 17401
245 10 - TITLE STATEMENT
Title Harry potter and the deathly hallows
Statement of responsibility, etc by J.K. Rowling ; illustrations by Mary GrandPré.
250 ## - EDITION STATEMENT
Edition statement 1st ed.
260 ## - PUBLICATION, DISTRIBUTION, ETC. (IMPRINT)
Place of publication, distribution, etc New York, NY :
Name of publisher, distributor, etc Arthur A. Levine Books,
Date of publication, distribution, etc 2007.
300 ## - PHYSICAL DESCRIPTION
Extent 759 p. :
Other physical details ill. ;
Dimensions 24 cm.
500 ## - GENERAL NOTE
General note Sequel to: Harry Potter and the Half-Blood Prince.
520 ## - SUMMARY, ETC.
Summary, etc Burdened with the dark, dangerous, and seemingly impossible task of locating and destroying Voldemort's remaining Horcruxes, Harry, feeling alone and uncertain about his future, struggles to find the inner strength he needs to follow the path set out before him.
650 #0 - SUBJECT ADDED ENTRY--TOPICAL TERM
Topical term or geographic name as entry element Potter, Harry (Fictitious character)
Form subdivision Juvenile fiction.
9 (RLIN) 20010
650 #0 - SUBJECT ADDED ENTRY--TOPICAL TERM
Topical term or geographic name as entry element Granger, Hermione (Fictitious character)
Form subdivision Juvenile fiction.
9 (RLIN) 20011
650 #0 - SUBJECT ADDED ENTRY--TOPICAL TERM
Topical term or geographic name as entry element Weasley, Ron (Fictitious character)
Form subdivision Juvenile fiction.
9 (RLIN) 20012
650 #0 - SUBJECT ADDED ENTRY--TOPICAL TERM
Topical term or geographic name as entry element Hogwarts School of Witchcraft and Wizardry (Imaginary organization)
Form subdivision Juvenile fiction.
9 (RLIN) 20013
650 #1 - SUBJECT ADDED ENTRY--TOPICAL TERM
Topical term or geographic name as entry element Wizards
Form subdivision Fiction.
9 (RLIN) 20014
650 #1 - SUBJECT ADDED ENTRY--TOPICAL TERM
Topical term or geographic name as entry element Magic
Form subdivision Fiction.
9 (RLIN) 20015
650 #1 - SUBJECT ADDED ENTRY--TOPICAL TERM
Topical term or geographic name as entry element Coming of age
Form subdivision Fiction.
9 (RLIN) 20016
651 #1 - SUBJECT ADDED ENTRY--GEOGRAPHIC NAME
Geographic name England
Form subdivision Fiction.
9 (RLIN) 20017
700 1# - ADDED ENTRY--PERSONAL NAME
Personal name GrandPré, Mary,
Relator term ill.
9 (RLIN) 20018
856 42 - ELECTRONIC LOCATION AND ACCESS
Materials specified Publisher description
Uniform Resource Identifier <a href="http://www.loc.gov/catdir/enhancements/fy1116/2007925449-d.html">http://www.loc.gov/catdir/enhancements/fy1116/2007925449-d.html</a>
906 ## - LOCAL DATA ELEMENT F, LDF (RLIN)
a 7
b cbc
c orignew
d 1
e epcn
f 20
g y-gencatlg
942 ## - ADDED ENTRY ELEMENTS (KOHA)
Source of classification or shelving scheme Library of Congress Classification
Koha item type Books
Holdings
Withdrawn status Lost status Source of classification or shelving scheme Damaged status Home library Current library Shelving location Date acquired Total Checkouts Total Renewals Full call number Barcode Date last seen Date checked out Copy number Price effective from Koha item type
    Library of Congress Classification   Luxembourg Library Luxembourg Library Fiction Section 09/14/2013 8 13 PZ 7 .R79835 2007 15136 10/08/2019 09/19/2019 1 09/14/2013 Books

Harry potter and the deathly hallows

APA

Rowling J. K., GrandPré M., . (2007). Harry potter and the deathly hallows. New York, NY: Arthur A. Levine Books.

Chicago

Rowling J K, GrandPré Mary, . 2007. Harry potter and the deathly hallows. New York, NY: Arthur A. Levine Books.

Harvard

Rowling J. K., GrandPré M., . (2007). Harry potter and the deathly hallows. New York, NY: Arthur A. Levine Books.

MLA

Rowling J K, GrandPré Mary, . Harry potter and the deathly hallows. New York, NY: Arthur A. Levine Books. 2007.

  • Place hold
  • Print
  • Cite
  • Add to your cart (remove)
  • Save record
    BIBTEX Dublin Core MARCXML MARC (non-Unicode/MARC-8) MARC (Unicode/UTF-8) MARC (Unicode/UTF-8, Standard) MODS (XML) RIS
  • More searches
    Search for this title in:
    Other Libraries (WorldCat) Other Databases (Google Scholar) Online Stores (Bookfinder.com) Open Library (openlibrary.org)

Exporting to Dublin Core...

SOUTHVILLE LIBRARY

Southville International School and Colleges Library

1281 Tropical Ave. Cor. Luxembourg St., BF Homes International, Las Pinas City

Tel. No. 8256374 / 252358 Loc. 117/146

Powered by Koha